Pays les plus éloignés de Nouméa - Statistiques

Statistiques générales
  • Ce quiz a été pris 9 022 fois
  • Le résultat moyen est 17 sur 20
Statistiques - réponses
Distance (km) Pays % Correct
18 212 Maroc
97%
17 332 Algérie
96%
18 861 Sénégal
91%
17 138 Tunisie
90%
17 288 Espagne
89%
18 043 Mali
88%
18 882 Mauritanie
88%
17 462 Portugal
88%
18 272 Guinée
86%
17 591 Togo
85%
17 780 Côte-d'Ivoire
84%
18 575 Cap-Vert
82%
18 937 Gambie
82%
18 726 Guinée-Bissau
82%
17 531 Bénin
81%
17 611 Ghana
80%
17 922 Liberia
80%
17 960 Burkina Faso
79%
18 294 Sierra Leone
79%
17 346 Andorre
75%
Aucun quiz correspondant
Distribution des résultats
% des personnes avec chaque résultat
Percentile par nombre de réponses
Votre historique - résultats
Vous n’avez pas pris ce quiz